<?xml version="1.0" encoding="UTF-8"?>
<record
    xmlns:xsi="http://www.w3.org/2001/XMLSchema-instance"
    xsi:schemaLocation="http://www.loc.gov/MARC21/slim http://www.loc.gov/standards/marcxml/schema/MARC21slim.xsd"
    xmlns="http://www.loc.gov/MARC21/slim">

  <leader>005070000a22001690004500</leader>
  <controlfield tag="001">4508</controlfield>
  <datafield tag="010" ind1=" " ind2=" ">
    <subfield code="a">2-7178-1382-9</subfield>
  </datafield>
  <datafield tag="090" ind1=" " ind2=" ">
    <subfield code="9">4511</subfield>
    <subfield code="a">4508</subfield>
  </datafield>
  <datafield tag="099" ind1=" " ind2=" ">
    <subfield code="t">LIVR</subfield>
  </datafield>
  <datafield tag="100" ind1=" " ind2=" ">
    <subfield code="a">20130715              frey50        </subfield>
  </datafield>
  <datafield tag="101" ind1=" " ind2=" ">
    <subfield code="a">fre</subfield>
  </datafield>
  <datafield tag="200" ind1=" " ind2=" ">
    <subfield code="a">Grands &#xE9;conomistes et partis politiques</subfield>
    <subfield code="b">LIVR</subfield>
    <subfield code="f">Alain LEROUX</subfield>
    <subfield code="g">Jacques BARROT</subfield>
  </datafield>
  <datafield tag="210" ind1=" " ind2=" ">
    <subfield code="a">Paris</subfield>
    <subfield code="c">Economica</subfield>
    <subfield code="d">1987</subfield>
  </datafield>
  <datafield tag="215" ind1=" " ind2=" ">
    <subfield code="a">180p.</subfield>
    <subfield code="d">24cm.</subfield>
  </datafield>
  <datafield tag="610" ind1=" " ind2=" ">
    <subfield code="a">ECONOMIE</subfield>
    <subfield code="a">ECONOMIE POLITIQUE</subfield>
    <subfield code="a">POLITIQUE</subfield>
    <subfield code="a">PARTI POLITIQUE</subfield>
  </datafield>
  <datafield tag="700" ind1="1" ind2=" ">
    <subfield code="a">LEROUX</subfield>
    <subfield code="b">Alain</subfield>
  </datafield>
  <datafield tag="702" ind1="1" ind2=" ">
    <subfield code="a">BARROT</subfield>
    <subfield code="b">Jacques</subfield>
    <subfield code="4">080</subfield>
  </datafield>
  <datafield tag="995" ind1=" " ind2=" ">
    <subfield code="5">2022-04-21</subfield>
    <subfield code="9">4993</subfield>
    <subfield code="b">BENA</subfield>
    <subfield code="c">BENA</subfield>
    <subfield code="e">Magasin</subfield>
    <subfield code="f">B34877</subfield>
    <subfield code="k">B34877</subfield>
    <subfield code="o">0</subfield>
  </datafield>
</record>
